Normal view
MARC view
- AFZAAL AHMAD
Entry Personal Name
001 - CONTROL NUMBER
- control field: 70404
003 - CONTROL NUMBER IDENTIFIER
- control field: NUST
005 - DATE AND TIME OF LATEST TRANSACTION
- control field: 20210628204443.0
008 - FIXED-LENGTH DATA ELEMENTS
- fixed length control field: 210628|| aca||aabn | a|a d
040 ## - CATALOGING SOURCE
- Original cataloging agency: NUST
- Transcribing agency: NUST
100 ## - HEADING--PERSONAL NAME
- Personal name: AFZAAL AHMAD
670 ## - SOURCE DATA FOUND
- Source citation: Work cat.: (NUST): AFZAAL AHMAD, TH-SOF-1177-Design and Fabrication of Active SEMG Sensor for Prosthesis Control, 2015
